Statistics for Attracties in duinrell

Click here to take the quiz!

General Stats

  • This quiz has been taken 3 times
  • The average score is 3 of 13

Answer Stats

HintAnswer% Correct
Achtbaan met een verticale lifthillFalcon
100%
Hele natte waterattractieSplash
100%
GlijbanenparadijsTikibad
50%
Waterglijbaan in het attractieparkAqua Shute
0%
Zweefmolen met fonteintjesAqua Swing
0%
Nieuwe grote familieachtbaanDragonfly
0%
Oude kleine familieachtbaanKikkerachtbaan
0%
Schommel met stoelen naar de binnenkantMad Mill
0%
Attractie op sleetjes in een soort halfpipeRodelbanen
0%
SchommelshipSchip Ahoi
0%
Bank die Loopings maaktWaterspin
0%
Attractie met vliegtuigjes die je zelf over de kop laat gaanWild Wings
0%
Soort sprookjesbos met kleine attractiesWonderland
0%

Score Distribution

Percentile by Number Answered

Percent of People with Each Score

Your Score History

You have not taken this quiz